Statistics for Hellboy Franchise

Click here to take the quiz!

General Stats

  • This quiz has been taken 20 times
  • The average score is 10 of 83

Answer Stats

TypeYearNameInfo% Correct
Film2019HellboyLionsgate
93%
Film2004HellboySony
93%
Promo Comic Insert2008Hellboy II: The Golden ArmyDark Horse Comics
80%
Film2008Hellboy II: The Golden ArmyUniversal
80%
Video Game2009Hellboy II: The Golden Army - Tooth Fairy TerrorTuesday Creative
80%
Comic Mini-Series1994Hellboy: Seed of DestructionDark Horse Comics
40%
Comic One-Shot2000Hellboy: The Right Hand of DoomDark Horse Comics
33%
Comic Mini-Series2010Hellboy: The StormDark Horse Comics
33%
Film2007Hellboy: Blood and IronStarz
27%
Comic Mini-Series2012-2013Hellboy in HellDark Horse Comics
27%
Comic One-Shot2010Hellboy in Mexico (or, A Drunken Blur)Dark Horse Comics
27%
Comic Mini-Series2008Hellboy: The Crooked ManDark Horse Comics
27%
Comic Mini-Series1996Hellboy: Wake the DevilDark Horse Comics
27%
Comic Mini-Series2001Hellboy: Conqueror WormDark Horse Comics
20%
Comic Mini-Series2011Hellboy: The FuryDark Horse Comics
20%
Comic Mini-Series1999Batman/Hellboy/StarmanDC Comics / Dark Horse Comics
13%
Comic Mini-Series1999Hellboy: Box Full of EvilDark Horse Comics
13%
Graphic Novel2017Hellboy: Into the Silent SeaMike Mignola
13%
Novel1999Hellboy: Odd JobsChristopher Golden
13%
Film2006Hellboy: Sword of StormsStarz
13%
Comic One-Shot2009Hellboy: The Bride of HellDark Horse Comics
13%
Comic Mini-Series2005Hellboy: The IslandDark Horse Comics
13%
Graphic Novel2013Hellboy: The Midnight CircusDuncan Fegredo / Mike Mignola
13%
Video Game2008Hellboy: The Science of EvilKonami
13%
Comic Mini-Series2002Hellboy: The Third WishDark Horse Comics
13%
Comic Mini-Series2008-2009Hellboy: The Wild HuntDark Horse Comics
13%
Promo Comic Insert1994Dark Horse Comics: World's Greatest Paranormal InvestigatorDark Horse Comics
7%
Comic Mini-Series1997Hellboy: Almost ColossusDark Horse Comics
7%
Comic One-Shot2011Hellboy: Being HumanDark Horse Comics
7%
Comic Mini-Series2007Hellboy: Darkness CallsDark Horse Comics
7%
Video Game2000Hellboy: Dogs of the NightCryo Interactive / Dreamcatcher Interactive
7%
Comic One-Shot2010Hellboy: Double Feature of EvilDark Horse Comics
7%
Graphic Novel2011Hellboy: House of the Living DeadMike Mignola
7%
Comic One-Shot2008Hellboy: In the Chapel of MolochDark Horse Comics
7%
Comic Mini-Series1999Hellboy JuniorDark Horse Comics
7%
Comic Mini-Series2006Hellboy: MakomaDark Horse Comics
7%
Novel2004Hellboy: Odder JobsChristopher Golden
7%
Novel2001Hellboy: The Bones of GiantChristopher Golden
7%
Comic One-Shot2004Hellboy: The CorpseDark Horse Comics
7%
Novel1997Hellboy: The Lost ArmyChristopher Golden
7%
Comic One-Shot1995Hellboy: The Wolves of Saint AugustDark Horse Comics
7%
Comic Mini-Series2003-2004Hellboy: Weird TalesDark Horse Comics
7%
Comic One-Shot2016Hellboy: Winter SpecialDark Horse Comics
7%
Comic Mini-Series1996Ghost/HellboyDark Horse Comics
0%
Novel2017Hellboy: An Assortment of HorrorsMike Mignola
0%
Comic Mini-Series2014-2015Hellboy and the B.P.R.D.: 1952Dark Horse Comics
0%
Comic Mini-Series2016Hellboy and the B.P.R.D. 1953: Beyond the FencesDark Horse Comics
0%
Comic One-Shot2015Hellboy and the B.P.R.D. 1953: The Phantom Hand & The KelpieDark Horse Comics
0%
Comic One-Shot2015Hellboy and the B.P.R.D. 1953: The Witch Tree & Rawhead and Bloody BonesDark Horse Comics
0%
Comic Mini-Series2016Hellboy and the B.P.R.D. 1954: Black SunDark Horse Comics
0%
Comic Mini-Series2017Hellboy and the B.P.R.D. 1954: Ghost MoonDark Horse Comics
0%
Comic One-Shot2016Hellboy and the B.P.R.D. 1954: The Unreasoning BeastDark Horse Comics
0%
Comic One-Shot2018Hellboy and the B.P.R.D. 1955: Burning SeasonDark Horse Comics
0%
Comic Mini-Series2017Hellboy and the B.P.R.D. 1955: Occult IntelligenceDark Horse Comics
0%
Comic One-Shot2017Hellboy and the B.P.R.D. 1955: Secret NatureDark Horse Comics
0%
Comic One-Shot2006Hellboy Animated: Phantom LimbsDark Horse Comics
0%
Comic One-Shot2007Hellboy Animated: The YearningDark Horse Comics
0%
Comic One-Shot2010Hellboy: Beasts of BurdenDark Horse Comics
0%
Comic One-Shot2011Hellboy: Buster Oakley Gets His WishDark Horse Comics
0%
Comic One-Shot1997Hellboy Christmas SpecialDark Horse Comics
0%
Novel2008Hellboy: Emerald HellTom Piccirilli
0%
Comic One-Shot2016Hellboy in Hell: For Whom the Bell TollsDark Horse Comics
0%
Comic One-Shot2014Hellboy in Hell: The Death CardDark Horse Comics
0%
Comic Mini-Series2015Hellboy in Hell: The Hounds of PlutoDark Horse Comics
0%
Comic One-Shot2016Hellboy in Hell: The Spanish BrideDark Horse Comics
0%
Comic One-Shot2013Hellboy in Hell: The Three Golden WhipsDark Horse Comics
0%
Comic One-Shot1997Hellboy Junior Halloween SpecialDark Horse Comics
0%
Comic One-Shot2017Hellboy: KramupsnachtDark Horse Comics
0%
Novel2008Hellboy: Oddest JobsChristopher Golden
0%
Novel2005Hellboy: On Earth as It Is in HellBrian Hodge
0%
Novel2008Hellboy: The All-Seeing EyeMark Morris
0%
Comic One-Shot1996Hellboy: The Corpse and the Iron ShoesDark Horse Comics
0%
Novel2007Hellboy: The Dragon PoolChristopher Golden
0%
Novel2009Hellboy: The Fire WolvesTim Lebbon
0%
Novel2006Hellboy: The God MachineThomas E. Sniegoski
0%
Novel2009Hellboy: The Ice WolvesMark Chadbourn
0%
Promo Comic Insert2002Hellboy: The KabandhaDark Horse Comics
0%
Comic One-Shot2008Hellboy: The MoleDark Horse Comics
0%
Comic Mini-Series2010Hellboy: The Sleeping and the DeadDark Horse Comics
0%
Comic One-Shot2010Hellboy: The Whittier LegacyDark Horse Comics
0%
Comic One-Shot2007Hellboy: They That Go Down to the Sea in ShipsDark Horse Comics
0%
Novel2006Hellboy: Unnatural SelectionTim Lebbon
0%
Comic One-Shot1998Painkiller Jane/HellboyDark Horse Comics
0%

Score Distribution

Percentile by Number Answered

Percent of People with Each Score

Your Score History

You have not taken this quiz